00635nam a2200181 4500001000700000003000900007005001700016007000300033008004100036100003200077245008900109250001300198260004700211300002200258852003200280999001900312952012200331109057ES-MaACL20230906184751.0t|061121s1972 sp r ||||1| spa d1 aMoya Trilla, José.98397811a¿Hablamos de su hijo? b: Psicología infantil para padres / cJosé Moya Trilla. a1ª. ed. aBarcelona : bLeopoldo Martínez, c1972. a134 p. ; c23 cm. aES-MaACLjC-48386 bR.84408 c109057d109057 00104070aATENEOMbATENEOMcDEPO2d2008-01-17eSCl0oC-48386p1113793r2023-02-23 00:00:00w2023-02-23yMONOGRAFIA